Democrats vs Republicans - Statistics

General Stats
  • This quiz has been taken 210 times
    207 since last reset
  • The average score is 15 of 18
Answer Stats
Question Answer % Correct
The government should allow women to abort there pregnancies. Democrat
100%
There should be more restrictions on the current process of purchasing a gun. Democrat
95%
The federal government should pay for tuition at four-year colleges and universities. Democrat
93%
The Government should stop funding planned Parenthood. Republican
93%
Teacher's should be aloud to carry guns in school. Republican
91%
The federal government should require people to wear face masks in public during the COVID-19 pandemic. Democrat
88%
The U.S. should not raise taxes on the rich. Republican
88%
Undocumented immigrants shouldn't be offered in-state tuition rates at public colleges within their residing state. Republican
88%
The U.S. should expand offshore oil drilling Republican
88%
The U.S. shouldn't build a wall on our southern border. Democrat
86%
Illegal immigrants should have access to government-subsidized healthcare. Democrat
86%
The government should decrease environmental regulations. Republican
84%
Funding for local police departments should be redirected to social and community based programs. Democrat
81%
The federal government should not raise the minimum wage. Republican
81%
A Photo ID should be required to vote. Republican
81%
Victims of gun violence shouldn't be allowed to sue firearms dealers and manufacturers. Republican
81%
The Electoral College should remain (it shouldn't be abolished). Republican
67%
Critical race theory should be taught in K-12 education. Democrat
60%
No matching quizzes found
Score Distribution
Percent of People with Each Score
Percentile by Number Answered
Your Score History
You have not taken this quiz since the last reset